| 000 | 00680nam a22002177a 4500 | ||
|---|---|---|---|
| 003 | OSt | ||
| 005 | 20250627045008.0 | ||
| 008 | 250626b |||||||| |||| 00| 0 eng d | ||
| 020 | _a978-1-63549-978-0 | ||
| 040 |
_aDWCL - Main lib _cOC |
||
| 082 | _aCirc. 647.94 H842 2019 | ||
| 100 | _aAlvaro, Leone | ||
| 245 |
_aHousekeeping management/ _cLeone Alvaro |
||
| 260 |
_aN.Y : _b Larsen & Keller, _cc2019. |
||
| 300 |
_a vii, 214 pages : _b color illustrations ; _c23cm. |
||
| 504 | _aIncludes bibliographical references and index. | ||
| 650 | _a1.Housekeeping-- management | ||
| 650 | _a2. House keeping | ||
| 650 | _a3. Hotel management | ||
| 942 |
_2ddc _cBK-CIRC _kCirc. _n0 |
||
| 999 |
_c3288 _d3288 |
||